ALL Municipalities of New Jersey - Statistics

General Stats
  • This quiz has been taken 13 times
    10 since last reset
  • The average score is 163 of 564
Answer Stats
County Type Name % Correct
Cape May City Cape May
100%
Monmouth City Asbury Park
89%
Atlantic City Atlantic City
89%
Camden City Camden
89%
Atlantic Township Egg Harbor
89%
Middlesex City New Brunswick
89%
Essex City East Orange
78%
Bergen City Hackensack
78%
Hudson City Hoboken
78%
Hudson City Jersey City
78%
Essex City Newark
78%
Monmouth Township Ocean
78%
Ocean Township Ocean
78%
Passaic City Passaic
78%
Passaic City Paterson
78%
Ocean Township Toms River
78%
Mercer City Trenton
78%
Cumberland City Vineland
78%
Cape May City Wildwood
78%
Bergen Borough Alpine
67%
Hudson City Bayonne
67%
Camden Township Cherry Hill
67%
Middlesex Township Edison
67%
Sussex Borough Franklin
67%
Somerset Township Franklin
67%
Gloucester Township Franklin
67%
Hunterdon Township Franklin
67%
Warren Township Franklin
67%
Camden Township Gloucester
67%
Mercer Township Hamilton
67%
Atlantic Township Hamilton
67%
Monmouth City Long Branch
67%
Cumberland City Millville
67%
Morris Township Morris
67%
Hudson Township North Bergen
67%
Cape May City Ocean City
67%
Essex Township Orange
67%
Bergen Borough Paramus
67%
Middlesex City Perth Amboy
67%
Bergen Borough Ramsey
67%
Salem City Salem
67%
Union Township Union
67%
Hunterdon Township Union
67%
Cape May Township Upper
67%
Essex Township West Orange
67%
Bergen Borough Allendale
56%
Monmouth Borough Belmar
56%
Essex Township Bloomfield
56%
Essex Borough Caldwell
56%
Passaic City Clifton
56%
Monmouth Borough Deal
56%
Morris Town Dover
56%
Middlesex Township East Brunswick
56%
Union City Elizabeth
56%
Hunterdon Borough Flemington
56%
Bergen Borough Fort Lee
56%
Bergen Borough Franklin Lakes
56%
Hudson Town Harrison
56%
Gloucester Township Harrison
56%
Ocean Township Jackson
56%
Morris Township Jefferson
56%
Cape May Township Lower
56%
Bergen Township Mahwah
56%
Cape May Township Middle
56%
Essex Township Montclair
56%
Monmouth Borough Neptune
56%
Cape May City North Wildwood
56%
Bergen Borough Oakland
56%
Bergen Borough Oradell
56%
Morris Township Parsippany
56%
Union City Rahway
56%
Bergen Borough Saddle River
56%
Sussex Borough Sussex
56%
Hudson City Union City
56%
Bergen Borough Upper Saddle River
56%
Somerset Township Warren
56%
Warren Borough Washington
56%
Gloucester Township Washington
56%
Morris Township Washington
56%
Bergen Township Washington
56%
Warren Township Washington
56%
Burlington Township Washington
56%
Hudson Township Weehawken
56%
Atlantic City Absecon
44%
Ocean Township Barnegat
44%
Bergen Borough Bergenfield
44%
Ocean Township Berkeley
44%
Ocean Township Brick
44%
Somerset Township Bridgewater
44%
Atlantic City Brigantine
44%
Burlington City Burlington
44%
Burlington Township Burlington
44%
Morris Borough Butler
44%
Essex Township Cedar Grove
44%
Morris Borough Chatham
44%
Morris Township Chatham
44%
Union Township Clark
44%
Bergen Borough East Rutherford
44%
Atlantic City Egg Harbor City
44%
Bergen City Englewood
44%
Bergen Borough Englewood Cliffs
44%
Bergen Borough Fair Lawn
44%
Morris Borough Florham Park
44%
Atlantic Township Galloway
44%
Hudson Town Guttenberg
44%
Atlantic Town Hammonton
44%
Morris Township Hanover
44%
Bergen Borough Hasbrouck Heights
44%
Somerset Township Hills
44%
Bergen Borough Ho-Ho-Kus
44%
Sussex Borough Hopatcong
44%
Essex Township Irvington
44%
Hudson Town Kearny
44%
Ocean Township Lakewood
44%
Bergen Borough Leonia
44%
Union City Linden
44%
Morris Borough Madison
44%
Monmouth Township Middletown
44%
Morris Town Morristown
44%
Burlington Township Mount Laurel
44%
Sussex Town Newton
44%
Essex Borough North Caldwell
44%
Passaic Borough North Haledon
44%
Essex Township Nutley
44%
Bergen Borough Palisades Park
44%
Ocean Borough Point Pleasant
44%
Passaic Borough Pompton Lakes
44%
Mercer Borough Princeton
44%
Bergen Village Ridgewood
44%
Ocean Borough Seaside Heights
44%
Hudson Town Secaucus
44%
Middlesex City South Amboy
44%
Essex Village South Orange
44%
Union City Summit
44%
Bergen Borough Tenafly
44%
Monmouth Borough Tinton Falls
44%
Monmouth Township Wall
44%
Bergen Borough Wallington
44%
Middlesex Township Woodbridge
44%
Monmouth Borough Allentown
33%
Monmouth Borough Atlantic Highlands
33%
Somerset Township Bedminster
33%
Essex Township Belleville
33%
Union Township Berkeley Heights
33%
Camden Borough Berlin
33%
Camden Township Berlin
33%
Somerset Township Bernards
33%
Somerset Borough Bernardsville
33%
Bergen Borough Bogota
33%
Morris Town Boonton
33%
Morris Township Boonton
33%
Cumberland City Bridgeton
33%
Atlantic Borough Buena
33%
Atlantic Township Buena Vista
33%
Cape May Borough Cape May Point
33%
Morris Borough Chester
33%
Morris Township Chester
33%
Burlington Township Cinnaminson
33%
Bergen Borough Closter
33%
Cumberland Township Commercial
33%
Middlesex Township Cranbury
33%
Union Township Cranford
33%
Bergen Borough Cresskill
33%
Bergen Borough Demarest
33%
Middlesex Borough Dunellen
33%
Morris Township East Hanover
33%
Mercer Township East Windsor
33%
Bergen Borough Edgewater
33%
Essex Borough Essex Fells
33%
Mercer Township Ewing
33%
Essex Township Fairfield
33%
Cumberland Township Fairfield
33%
Somerset Borough Far Hills
33%
Bergen City Garfield
33%
Union Borough Garwood
33%
Gloucester Borough Glassboro
33%
Essex Borough Glen Ridge
33%
Bergen Borough Glen Rock
33%
Sussex Township Green
33%
Passaic Borough Haledon
33%
Passaic Borough Hawthorne
33%
Middlesex Borough Highland Park
33%
Monmouth Borough Highlands
33%
Mercer Borough Hightstown
33%
Bergen Borough Hillsdale
33%
Union Township Hillside
33%
Warren Township Hope
33%
Morris Borough Kinnelon
33%
Camden Borough Lindenwold
33%
Essex Township Livingston
33%
Bergen Borough Lodi
33%
Monmouth Township Manalapan
33%
Essex Township Maplewood
33%
Bergen Borough Maywood
33%
Morris Borough Mendham
33%
Morris Township Mendham
33%
Middlesex Borough Metuchen
33%
Middlesex Borough Middlesex
33%
Essex Township Millburn
33%
Middlesex Township Monroe
33%
Gloucester Township Monroe
33%
Bergen Borough Moonachie
33%
Morris Borough Morris Plains
33%
Morris Borough Mount Arlington
33%
Morris Township Mount Olive
33%
Bergen Borough New Milford
33%
Union Borough New Providence
33%
Middlesex Township North Brunswick
33%
Somerset Borough North Plainfield
33%
Somerset Borough Peapack
33%
Camden Township Pennsauken
33%
Morris Township Pequannock
33%
Middlesex Township Piscataway
33%
Union City Plainfield
33%
Atlantic City Pleasantville
33%
Ocean Borough Point Pleasant Beach
33%
Somerset Borough Raritan
33%
Hunterdon Township Raritan
33%
Bergen Borough Ridgefield
33%
Passaic Borough Ringwood
33%
Burlington Township Riverside
33%
Bergen Borough Rutherford
33%
Bergen Township Saddle Brook
33%
Middlesex Borough Sayreville
33%
Cape May City Sea Isle City
33%
Middlesex Township South Brunswick
33%
Middlesex Borough South Plainfield
33%
Sussex Township Sparta
33%
Union Township Springfield
33%
Burlington Township Springfield
33%
Ocean Borough Surf City
33%
Bergen Township Teaneck
33%
Bergen Borough Teterboro
33%
Essex Township Verona
33%
Passaic Township Wayne
33%
Essex Township West Caldwell
33%
Union Town Westfield
33%
Monmouth Borough West Long Branch
33%
Passaic Township West Milford
33%
Hudson Town West New York
33%
Mercer Township West Windsor
33%
Bergen Borough Westwood
33%
Warren Township White
33%
Bergen Borough Wood-Ridge
33%
Hunterdon Township Alexandria
22%
Warren Township Allamuchy
22%
Monmouth Borough Allenhurst
22%
Salem Township Alloway
22%
Sussex Borough Andover
22%
Sussex Township Andover
22%
Camden Borough Audubon
22%
Camden Borough Audubon Park
22%
Cape May Borough Avalon
22%
Ocean Borough Bay Head
22%
Warren Town Belvidere
22%
Warren Township Blairstown
22%
Passaic Borough Bloomingdale
22%
Somerset Borough Bound Brook
22%
Somerset Township Branchburg
22%
Hunterdon Borough Califon
22%
Bergen Borough Carlstadt
22%
Middlesex Borough Carteret
22%
Burlington Township Chesterfield
22%
Bergen Borough Cliffside Park
22%
Hunterdon Town Clinton
22%
Hunterdon Township Clinton
22%
Camden Borough Collingswood
22%
Monmouth Township Colts Neck
22%
Hunterdon Township Delaware
22%
Cape May Township Dennis
22%
Morris Township Denville
22%
Gloucester Township Deptford
22%
Cumberland Township Downe
22%
Bergen Borough Dumont
22%
Hunterdon Township East Amwell
22%
Hudson Borough East Newark
22%
Bergen Borough Emerson
22%
Monmouth Borough Englishtown
22%
Atlantic City Estell Manor
22%
Bergen Borough Fairview
22%
Burlington Borough Fieldsboro
22%
Monmouth Borough Freehold
22%
Monmouth Township Freehold
22%
Warren Township Frelinghuysen
22%
Camden City Gloucester City
22%
Somerset Township Green Brook
22%
Warren Township Greenwich
22%
Gloucester Township Greenwich
22%
Cumberland Township Greenwich
22%
Warren Town Hackettstown
22%
Camden Township Haddon
22%
Camden Borough Haddonfield
22%
Morris Township Harding
22%
Bergen Borough Harrington Park
22%
Monmouth Township Hazlet
22%
Hunterdon Borough High Bridge
22%
Monmouth Township Holmdel
22%
Monmouth Township Howell
22%
Middlesex Borough Jamesburg
22%
Monmouth Borough Keansburg
22%
Union Borough Kenilworth
22%
Monmouth Borough Keyport
22%
Monmouth Borough Lake Como
22%
Ocean Borough Lakehurst
22%
Hunterdon City Lambertville
22%
Ocean Borough Lavallette
22%
Mercer Township Lawrence
22%
Cumberland Township Lawrence
22%
Hunterdon Borough Lebanon
22%
Hunterdon Township Lebanon
22%
Atlantic City Linwood
22%
Passaic Township Little Falls
22%
Monmouth Borough Little Silver
22%
Monmouth Village Loch Arbour
22%
Ocean Township Long Beach
22%
Morris Township Long Hill
22%
Atlantic Borough Longport
22%
Warren Township Lopatcong
22%
Salem Township Lower Alloways Creek
22%
Bergen Township Lyndhurst
22%
Gloucester Township Mantua
22%
Somerset Borough Manville
22%
Atlantic City Margate
22%
Monmouth Township Marlboro
22%
Monmouth Borough Matawan
22%
Hunterdon Borough Milford
22%
Morris Township Mine Hill
22%
Sussex Township Montague
22%
Bergen Borough Montvale
22%
Morris Township Montville
22%
Burlington Township Moorestown
22%
Morris Borough Mountain Lakes
22%
Union Borough Mountainside
22%
Camden Borough Mount Ephraim
22%
Burlington Township Mount Holly
22%
Atlantic Township Mullica
22%
Gloucester Borough National Park
22%
Monmouth Township Neptune City
22%
Morris Borough Netcong
22%
Burlington Township New Hanover
22%
Bergen Borough North Arlington
22%
Atlantic City Northfield
22%
Middlesex Township Old Bridge
22%
Salem Township Oldmans
22%
Bergen Borough Old Tappan
22%
Mercer Borough Pennington
22%
Salem Township Pennsville
22%
Salem Township Pittsgrove
22%
Middlesex Township Plainsboro
22%
Warren Township Pohatcong
22%
Atlantic City Port Republic
22%
Morris Township Randolph
22%
Hunterdon Township Readington
22%
Monmouth Borough Red Bank
22%
Bergen Village Ridgefield Park
22%
Morris Borough Riverdale
22%
Bergen Borough River Edge
22%
Bergen Township River Vale
22%
Mercer Township Robbinsville
22%
Bergen Township Rochelle Park
22%
Morris Borough Rockaway
22%
Morris Township Rockaway
22%
Bergen Borough Rockleigh
22%
Somerset Borough Rocky Hill
22%
Monmouth Borough Roosevelt
22%
Union Borough Roselle
22%
Morris Township Roxbury
22%
Monmouth Borough Sea Girt
22%
Monmouth Borough Shrewsbury
22%
Monmouth Township Shrewsbury
22%
Atlantic City Somers Point
22%
Somerset Borough Somerville
22%
Somerset Borough South Bound Brook
22%
Bergen Township South Hackensack
22%
Gloucester Township South Harrison
22%
Middlesex Borough South River
22%
Ocean Borough South Toms River
22%
Hunterdon Borough Stockton
22%
Gloucester Borough Swedesboro
22%
Camden Borough Tavistock
22%
Passaic Borough Totowa
22%
Ocean Borough Tuckerton
22%
Atlantic City Ventnor City
22%
Sussex Township Vernon
22%
Morris Borough Victory Gardens
22%
Camden Township Voorhees
22%
Bergen Borough Waldwick
22%
Sussex Township Walpack
22%
Passaic Borough Wanaque
22%
Sussex Township Wantage
22%
Somerset Borough Watchung
22%
Hunterdon Township West Amwell
22%
Cape May Borough West Cape May
22%
Gloucester Township West Deptford
22%
Cape May Borough West Wildwood
22%
Atlantic Township Weymouth
22%
Cape May Borough Wildwood Crest
22%
Union Township Winfield
22%
Bergen Borough Woodcliff Lake
22%
Burlington Township Woodland
22%
Burlington Borough Wrightstown
22%
Monmouth Township Aberdeen
11%
Warren Borough Alpha
11%
Monmouth Borough Avon-by-the-Sea
11%
Ocean Borough Barnegat Light
11%
Burlington Township Bass River
11%
Ocean Borough Beach Haven
11%
Ocean Borough Beachwood
11%
Camden Borough Bellmawr
11%
Burlington City Beverly
11%
Hunterdon Borough Bloomsbury
11%
Burlington City Bordentown
11%
Burlington Township Bordentown
11%
Monmouth Borough Bradley Beach
11%
Monmouth Borough Brielle
11%
Salem Township Carneys Point
11%
Camden Borough Chesilhurst
11%
Gloucester Borough Clayton
11%
Atlantic City Corbin City
11%
Cumberland Township Deerfield
11%
Burlington Township Delanco
11%
Burlington Township Delran
11%
Ocean Township Eagleswood
11%
Burlington Township Eastampton
11%
Gloucester Township East Greenwich
11%
Monmouth Borough Eatontown
11%
Burlington Township Edgewater Park
11%
Gloucester Township Elk
11%
Salem Borough Elmer
11%
Bergen Borough Elmwood Park
11%
Burlington Township Evesham
11%
Monmouth Borough Farmingdale
11%
Burlington Township Florence
11%
Atlantic Borough Folsom
11%
Hunterdon Borough Frenchtown
11%
Camden Borough Gibbsboro
11%
Hunterdon Borough Glen Gardner
11%
Camden Borough Haddon Heights
11%
Burlington Township Hainesport
11%
Sussex Borough Hamburg
11%
Hunterdon Borough Hampton
11%
Sussex Township Hampton
11%
Warren Township Hardwick
11%
Sussex Township Hardyston
11%
Warren Township Harmony
11%
Ocean Borough Harvey Cedars
11%
Middlesex Borough Helmetta
11%
Camden Borough Hi-Nella
11%
Hunterdon Township Holland
11%
Mercer Borough Hopewell
11%
Mercer Township Hopewell
11%
Cumberland Township Hopewell
11%
Warren Township Independence
11%
Monmouth Borough Interlaken
11%
Camden Borough Lawnside
11%
Warren Township Liberty
11%
Morris Borough Lincoln Park
11%
Ocean Township Little Egg Harbor
11%
Bergen Borough Little Ferry
11%
Gloucester Township Logan
11%
Burlington Township Lumberton
11%
Camden Borough Magnolia
11%
Monmouth Borough Manasquan
11%
Ocean Township Manchester
11%
Burlington Township Mansfield
11%
Warren Township Mansfield
11%
Ocean Borough Mantoloking
11%
Burlington Township Maple Shade
11%
Cumberland Township Maurice River
11%
Burlington Township Medford
11%
Burlington Borough Medford Lakes
11%
Camden Borough Merchantville
11%
Bergen Borough Midland Park
11%
Somerset Borough Millstone
11%
Monmouth Township Millstone
11%
Middlesex Borough Milltown
11%
Somerset Township Montgomery
11%
Gloucester Borough Newfield
11%
Burlington Township North Hanover
11%
Bergen Borough Northvale
11%
Bergen Borough Norwood
11%
Camden Borough Oaklyn
11%
Monmouth Borough Oceanport
11%
Sussex Borough Ogdensburg
11%
Burlington Borough Palmyra
11%
Bergen Borough Park Ridge
11%
Gloucester Borough Paulsboro
11%
Burlington Borough Pemberton
11%
Burlington Township Pemberton
11%
Salem Borough Penns Grove
11%
Warren Town Phillipsburg
11%
Salem Township Pilesgrove
11%
Camden Borough Pine Hill
11%
Gloucester Borough Pitman
11%
Ocean Township Plumsted
11%
Passaic Borough Prospect Park
11%
Burlington Borough Riverton
11%
Essex Borough Roseland
11%
Union Borough Roselle Park
11%
Camden Borough Runnemede
11%
Union Township Scotch Plains
11%
Monmouth Borough Sea Bright
11%
Ocean Borough Seaside Park
11%
Burlington Township Shamong
11%
Camden Borough Somerdale
11%
Burlington Township Southampton
11%
Middlesex Borough Spotswood
11%
Monmouth Borough Spring Lake
11%
Monmouth Borough Spring Lake Heights
11%
Ocean Township Stafford
11%
Sussex Borough Stanhope
11%
Cape May Borough Stone Harbor
11%
Burlington Township Tabernacle
11%
Hunterdon Township Tewksbury
11%
Cumberland Township Upper Deerfield
11%
Monmouth Township Upper Freehold
11%
Camden Township Waterford
11%
Burlington Township Westampton
11%
Gloucester Borough Westville
11%
Morris Borough Wharton
11%
Burlington Township Willingboro
11%
Camden Township Winslow
11%
Cape May Borough Woodbine
11%
Gloucester City Woodbury
11%
Salem Borough Woodstown
11%
Gloucester Township Woolwich
11%
Bergen Township Wyckoff
11%
Camden Borough Barrington
0%
Hunterdon Township Bethlehem
0%
Sussex Borough Branchville
0%
Camden Borough Brooklawn
0%
Sussex Township Byram
0%
Camden Borough Clementon
0%
Salem Township Elsinboro
0%
Monmouth Borough Fair Haven
0%
Union Borough Fanwood
0%
Sussex Township Frankford
0%
Sussex Township Fredon
0%
Bergen Borough Haworth
0%
Ocean Borough Island Heights
0%
Hunterdon Township Kingwood
0%
Warren Township Knowlton
0%
Ocean Township Lacey
0%
Sussex Township Lafayette
0%
Camden Borough Laurel Springs
0%
Salem Township Mannington
0%
Monmouth Borough Monmouth Beach
0%
Ocean Borough Ocean Gate
0%
Warren Township Oxford
0%
Ocean Borough Pine Beach
0%
Salem Township Quinton
0%
Monmouth Borough Rumson
0%
Sussex Township Sandyston
0%
Cumberland Borough Shiloh
0%
Ocean Borough Ship Bottom
0%
Sussex Township Stillwater
0%
Cumberland Township Stow Creek
0%
Camden Borough Stratford
0%
Monmouth Borough Union Beach
0%
Salem Township Upper Pittsgrove
0%
Gloucester Borough Wenonah
0%
Gloucester Borough Woodbury Heights
0%
Passaic Borough Woodland Park
0%
Camden Borough Woodlynne
0%
No matching quizzes found
Score Distribution
Percent of People with Each Score
Percentile by Number Answered
Your Score History
You have not taken this quiz since the last reset